| 000 | 00876nam a2200193 u 4500 | ||
|---|---|---|---|
| 001 | 000792641 | ||
| 003 | AM-YeHGA | ||
| 005 | 20250617144154.0 | ||
| 008 | 110302s1984 ||| r 000 0 rus d | ||
| 040 | _aAM-YeHGA | ||
| 041 | 0 | _arus | |
| 245 | 0 | 0 |
_aТеоретические и методологические вопросы интенсификации общественного производства Урала / _cАН СССР, Урал. науч. центр, Ин-т экономики; Редкол.: М.А. Сергеев (отв. ред.) и др. |
| 260 |
_aСвердловск : _bУНЦ АН СССР, _c1984. |
||
| 300 | _a214 с. | ||
| 653 | 0 | _aИнтенсификация производства - Урал | |
| 710 | 2 | _aАкадемия наук СССР | |
| 710 | 2 | _aИнститут экономики УНЦ АН СССР | |
| 090 | _c290789 | ||
| 999 |
_c289116 _d289116 |
||